| 000 | 01303cam a22002895a 4500 | ||
|---|---|---|---|
| 001 | L153542 | ||
| 002 | 17391 | ||
| 008 | 080905s2011 xxkae f hu 001 0 eng d | ||
| 020 | _a9780080969916 | ||
| 035 | _a(Sirsi) u153542 | ||
| 041 | 0 | _aeng | |
| 100 | 1 | _aBaden-Powell, Charlotte | |
| 245 | 0 | 0 |
_aArchitect's pocket book _h[electronic resource] |
| 250 | _a4th ed. | ||
| 260 |
_aOxford _bArchitectural Press $2 011 |
||
| 505 | 2 | _aGeneral information -- Planning -- Structures -- Services -- Building elements -- Materials -- Addresses/Sources -- Bibliography -- Index | |
| 520 | _aThis eBook contains information often needed on a daily basis, which comes from a variety of sources not always readily available. Contains updates to costs, law, insulation and computer aided design for architects. Content includes data about planning, structure, services, building elements, materials and directories with mail and web site addresses. | ||
| 520 | _aSupersedes 3rd ed. | ||
| 590 | _aKA | ||
| 650 | 2 | 4 | _aEBOOK |
| 651 | 4 |
_aUnited Kingdom _y |
|
| 690 | _aBUILT ENVIRONMENT-CONSTRUCTION DESIGN-ARCHITECTURAL DESIGN | ||
| 700 | 1 | _aHetreed, Jonathan | |
| 700 | 1 | _aRoss, Ann | |
| 856 | 4 | 8 |
_uhttps://www.vlebooks.com/ _zView on VLEbooks. Logins for members only from [email protected] |
| 942 | _n0 | ||
| 999 |
_c112583 _d112583 |
||